250 Movies Adapted from Short Stories - Statistics

General Stats
  • This quiz has been taken 43 times
  • The average score is 17 of 250
Answer Stats
Actor Year Author Title or Publication Answer % Correct
Wil Wheaton 1986 Stephen King The Body Stand by Me
70%
Robert Downey Jr. 2009 Sir Arthur Conan Doyle The Adventures of Sherlock Holmes (1892) Sherlock Holmes
59%
Johnny Depp 1999 Washington Irving The Legend of Sleepy Hollow Sleepy Hollow
59%
Keir Dullea 1968 Arthur C. Clarke The Sentinel 2001: A Space Odyssey
52%
Jeff Goldblum 1986 George Langelaan Playboy (1957) The Fly
52%
Guy Pearce 2000 Jonathan Nolan Memento Mori Memento
48%
Hilary Swank 2004 Jerry Boyd Rope Burns: Stories from the Corner Million Dollar Baby
44%
Bette Davis 1950 Mary Orr The Wisdom of Eve All About Eve
41%
Tom Cruise 2002 Philip K. Dick Fantastic Universe (1952) Minority Report
41%
Roger Moore 1983 Ian Fleming Octopussy and the Living Daylights (1966) Octopussy
41%
John Travolta 1977 Nik Cohn Tribal Rites of the New Saturday Night Saturday Night Fever
41%
Arnold Schwarzenegger 1990 Philip K. Dick We Can Remember It For You Wholesale Total Recall
37%
Robin Williams 1999 Isaac Asimov The Bicentennial Man Bicentennial Man
33%
Heath Ledger 2005 Annie Proulx The New Yorker (1997) Brokeback Mountain
33%
Roger Moore 1981 Ian Fleming For Your Eyes Only (1960) For Your Eyes Only
33%
Brad Pitt 2008 F. Scott Fitzgerald Collier's (1922) The Curious Case of Benjamin Button
33%
Eddie Murphy 1983 Mark Twain The Million Pound Bank Note Trading Places
33%
Mandy Moore 2010 The Brothers Grimm Rapunzel Tangled
30%
Timothy Dalton 1987 Ian Fleming Octopussy and the Living Daylights (1966) The Living Daylights
30%
Roger Moore 1985 Ian Fleming From a View to a Kill A View to a Kill
26%
Paris Hilton 2005 Charles Spencer Belden The Wax Works House of Wax
26%
Daniel Craig 2008 Ian Fleming For Your Eyes Only (1960) Quantum of Solace
26%
James Caan 1975 William Harrison Roller Ball Murder Rollerball
26%
Matt Damon 2011 Philip K. Dick Adjustment Team The Adjustment Bureau
26%
Edward Norton 2006 Steven Millhauser Eisenheim the Illusionist The Illusionist
26%
Arnold Schwarzenegger 1987 Stephen King The Long Walk The Running Man
26%
Timothy Dalton 1989 Ian Fleming For Your Eyes Only (1960) Licence to Kill
22%
Beverly D'Angelo 1983 John Hughes Vacation '58 National Lampoon's Vacation
22%
James Stewart 1954 Cornell Woolrich It Had to Be Murder Rear Window
22%
Martin Landau 1979 Edgar Allan Poe The House of Usher The Fall of the House of Usher
22%
Ben Stiller 2013 James Orr The New Yorker (1939) The Secret Life of Walter Mitty
22%
Haley Joel Osment 2001 Brian Aldiss Supertoys Last All Summer Long A.I. Artificial Intelligence
19%
Chevy Chase 1989 John Hughes Christmas '59 National Lampoon's Christmas Vacation
19%
Hugh Jackman 2011 Richard Matheson Steel Real Steel
19%
Johnny Depp 2004 Stephen King Secret Window, Secret Garden Secret Window
19%
Claire Danes 2005 Steve Martin Hyperion (2000) Shopgirl
19%
Anjelica Huston 1987 Joyce Carol Oates Dubliners (1914) The Dead
19%
Nastassja Kinski 1982 Val Lewton The Bagheeta Cat People
15%
Andrew Robinson 1987 Clive Barker The Hellbound Heart Hellraiser
15%
Gary Cooper 1952 John W. Cunningham The Tin Star High Noon
15%
Joaquin Phoenix 1997 Sue Miller Inventing the Abbots and Other Stories (1987) Inventing the Abbots
15%
Clark Gable 1934 Samuel Hopkins Adams Night Bus It Happened One Night
15%
Mel Gibson 1994 Louis L'Amour Stage West Maverick
15%
Claude Rains 1933 H.G. Wells Pearson's Weekly (1897) The Invisible Man
15%
Michael Redgrave 1962 Alan Stillitoe The Loneliness of the Long Distance Runner (1952) The Loneliness of the Long Distance Runner
15%
Kurt Russell 1982 Don A. Stuart Who Goes There? The Thing
15%
Amy Adams 2016 Ted Chiang Story of Your Life Arrival
11%
Crispin Glover 2001 Herman Melville Bartleby the Scrivener Bartleby
11%
Winona Ryder 1996 James Salter Twenty Minutes Boys
11%
Will Ferrell 2010 Raymond Carver Why Don't You Dance Everything Must Go
11%
Toshiro Mifune 1950 Ryunosuke Akutagawa In a Grove Rashomon
11%
John Wayne 1950 James Warner Bellah Mission with No Record Rio Grande
11%
James Spader 2002 Mary Gaitskill Bad Behavior( 1989) Secretary
11%
Glenn Close 2001 James A. Michener Tales of the South Pacific South Pacific
11%
John Wayne 1939 Ernest Havcox The Stage to Lordsburg Stagecoach
11%
Johnny Weissmuller 1932 Edgar Rice Burroughs Jungle Tales of Tarzan Tarzan the Ape Man
11%
Jeff Fahey 1992 Stephen King Cavalier (1975) The Lawnmower Man
11%
Keri Russell 1996 Shirley Jackson The New Yorker (1948) The Lottery
11%
Sean Connery 1975 Rudyard Kipling The Phantom Rickshaw and Other Eerie Tales (1888) The Man Who Would Be King
11%
Burt Lancaster 1968 John Cheever The New Yorker (1964) The Swimmer
11%
Don Johnson 1975 Harlan Ellison New Worlds (1969) A Boy and His Dog
7%
Andy Griffith 1957 Budd Schulberg Your Arkansas Traveler A Face in the Crowd
7%
Richard Harris 1970 Dorothy M. Johnson Colliers (1950) A Man Called Horse
7%
David Hemmings 1966 Julio Cortazar Las babas del diablo (The Devil's Drool) Blow Up
7%
Virginia Madsen 1992 Clive Barker The Forbidden Candyman
7%
Jennifer Connelly 2005 Koji Suzuki Floating Water Dark Water
7%
Donald Sutherland 1973 Daphne du Maurier Not After Midnight Don't Look Now
7%
John Wayne 1948 James Warner Bellah Massacre Fort Apache
7%
Marlon Brando 1955 Damon Runyon The Idyll of Miss Sarah Brown Guys and Dolls
7%
Sissy Spacek 2001 Andre Dubus Killings In the Bedroom
7%
Keanu Reeves 1995 William Gibson Omni (1981) Johnny Mnemonic
7%
Andrea Libman 1995 The Brothers Grimm Little Red Cap Little Red Riding Hood
7%
Jeffrey Combs 1985 H.P. Lovecraft Herbert West-Reanimator Re-Animator
7%
Adriana Caselotti 1937 The Brothers Grimm Grimm's Fairy Tales (1812) Snow White and the Seven Dwarfs
7%
Keith Carradine 1976 Joseph Conrad The Duel The Duelists
7%
Marilyn Monroe 1961 Arthur Miller Esquire (1957) The Misfits
7%
Rose McGowan 2016 Edgar Allan Poe The Pioneeer (1843) The Tell-Tale Heart
7%
Juliet Landau 2012 Charlotte Perkins Gilman The New England Magazine (1892) The Yellow Wallpaper
7%
Keri Russell 2021 Nick Antosca The Quiet Boy Antlers
4%
Peter Horton 1984 Stephen King Night Shift (1978) Children of the Corn
4%
Ilene Woods 1950 The Brothers Grimm Grimm's Fairy Tales (1812) Cinderella
4%
Dennis Quaid 1985 Barry B. Longyear Isaac Asimov's Science Fiction Magazine (1978) Enemy Mine
4%
Emilio Estevez 1986 Stephen King Trucks Maximum Overdrive
4%
Gary Cooper 1936 Clarence Buddington Kelland Opera Hat Mr. Deeds Goes to Town
4%
Emma Roberts 2013 James Franco Scribners (2010) Palo Alto
4%
Thomas Jefferson 1921 Washington Irving The Sketch Book of Geoffrey Crayon Gent Rip Van Winkle
4%
Robert Downey, Jr. 2011 Sir Arthur Conan Doyle The Adventure of the Final Problem Sherlock Holmes: A Game of Shadows
4%
Laura Dern 1985 Joyce Carol Oates Where Are You Going, Where Have You Been? Smooth Talk
4%
Jessica Tandy 1963 Daphne Du Maurier The Apple Tree (1952) The Birds
4%
Cameron Diaz 2009 Richard Matheson Button, Button The Box
4%
Keanu Reeves 2008 Harry Bates Farewell to the Master The Day the Earth Stood Still
4%
Dean Stockwell 1970 H.P. Lovecraft Weird Tales (1929) The Dunwich Horror
4%
Ralph Richardson 1948 Graham Greene The Basement Room The Fallen Idol
4%
Ava Gardner 1946 Ernest Hemingway Scribner's Magazine (1927) The Killers
4%
Barbara Stanwyck 1941 Monckton Hoffe Two Bad Hats The Lady Eve
4%
Robert Englund 1995 Stephen King Cavalier (1972) The Mangler
4%
Vinnie Jones 2008 Clive Barker Books of Blood (1984) The Midnight Meat Train
4%
Vincent Price 1961 Edgar Allan Poe The Gift: A Christmas and New Year's Present for 1843 (1842) The Pit and the Pendulum
4%
Valerie Hobson 1949 D.H. Lawrence Harpers Bazaar (1926) The Rocking Horse Winner
4%
Jason Bateman 2010 Jeffrey Eugenides The Baster The Switch
4%
Franco Nero 1970 D.H. Lawrence The Virgin and the Gipsy and Other Stories (1930) The Virgin and the Gypsy
4%
Roddy Piper 1988 Ray Nelson Eight O'Clock in the Morning They Live
4%
Mark Ruffalo 2004 Andre Dubus Adultery and Other Choices (1977) We Don't Live Here Anymore
4%
John Cusack 2007 Stephen King Everything's Eventual (2002) 1408
0%
James Garner 1964 Roald Dahl Beware of the Dog 36 Hours
0%
Leslie Cheung 1987 Pu Songling The Magic Sword A Chinese Ghost Story
0%
Anthony LaPaglia 2014 Stephen King Full Dark, No Stars (2010) A Good Marriage
0%
Kristin Scott Thomas 1995 A.S. Byatt Morpho Eugenia Angels & Insects
0%
Bradley M. Egen 2005 Ambrose Bierce The San Francisco Examiner (1890) An Occurrence at Owl Creek Bridge
0%
Hiroshi Yamamoto 2016 Franz Kafka A Hunger Artist Artist of Fasting
0%
Kiefer Sutherland 1998 Tim O'Brien Sweetheart of the Song Tra Bong A Soldier's Sweetheart
0%
Richard Burns 2005 Ray Bradbury Colliers (1952) A Sound of Thunder
0%
Julie Christie 2006 Alice Munro The Bear Came Over the Mountain Away from Her
0%
Richard Devon 1960 Philip Roth Expect the Vandals Battle of Blood Island
0%
Gregory Peck 1964 Emeric Pressburger Killing a Mouse on Sunday Behold a Pale Horse
0%
Edgar Buchanan 1948 Mark Twain The Celebrated Juimping Frog of Calaveras County Best Man Wins
0%
Devon Cummings 2020 Flannery O'Connor A Good Man is Hard to Find Black Hearts Bleed Red
0%
Edie Dakota 2012 Leo Tolstoy Master and Man Boxing Day
0%
Porsche Lynn 2018 Lawrence block Two-Fisted Detective Stories (1959) Bride of Violence
0%
Robert Hays 1981 Bret Harte The Luck of Roaring Camp California Gold Rush
0%
Cheech Marin 1995 Mark Twain A Ghost Story Charlie's Ghost Story
0%
Sheryl Lee 2002 Truman Capote A Tree of Night and Other Stories (1949) Children on Their Birthdays
0%
John Klemantaski 2008 Ray Bradbury Amazing Stories (1946) Chrysalis
0%
Dabney Coleman 1984 Cornell Woolrich The Boy Cried Murder Cloak & Dagger
0%
Crystal Laws Green 2006 H.P. Lovecraft Tales of Magic and Mystery (1928) Cool Air
0%
Dana Andrews 1957 M.R. James Casting the Runes Curse of the Demon
0%
Ezra Godden 2001 H.P. Lovecraft The Shadow Over Innsmouth Dagon
0%
Gary Baxter 2019 Mark Twain The Mysterious Stranger Day of the Stranger
0%
David Carradine 1975 Ib Melchior The Racer Death Race 2000
0%
Vincent Price 1963 Guy de Maupassant The Horla Diary of a Madman
0%
Christian Slater 2009 Stephen King Nightmares & Dreamscapes (1993) Dolan's Cadillac
0%
Jackson Rathbone 2006 Clive Barker Books of Blood (1984) Dread
0%
Mark Lewis Jones 2016 Edgar Allan Poe The Lighthouse Edgar Allan Poe's: Lighthouse Keeper
0%
Sabu 1937 Rudyard Kipling Toomal of the Elephants Elephant Boy
0%
Joan Collins 1977 H.G. Wells The Strand Magazine (1905) Empire of the Ants
0%
Barbara Stanwyck 1955 Kenneth Taylor Perkins Bow Tamely to Me Escape to Burma
0%
Ivan Mozzhukhin 1918 Leo Tolstoy Thomas, Nelson & Sons (1911) Father Sergius
0%
Marshall Thompson 1958 Amelia Reynolds Long The Thought Monster Fiend Without a Face
0%
Stephen Lowry 1955 W.W. Jacobs The Interruption Footsteps in the Fog
0%
Isabelle Weingarten 1971 Fyodor Dostoyevsky White Nights Four Nights of a Dreamer
0%
Wallace Ford 1932 Tod Robbins Spurs Freaks
0%
Jeffrey Combs 1986 H.P. Lovecraft The Fantasy Fan (1934) From Beyond
0%
Isabelle Huppert 2005 Joseph Conrad The Return Gabrielle
0%
Tsutomu Tatsumi 1988 Akiyuki Nosaka All for Reading (1967) Grave of the Fireflies
0%
David Andrews 1990 Stephen King Cavalier (1970) Graveyard Shift
0%
Jeremy Renner 2013 The Brothers Grimm Grimm's Fairy Tales (1812) Hansel & Gretel: Witch Hunters
0%
Sean Astin 1995 Kurt Vonnegut, Jr. The Magazine of Fantasy and Science Fiction (1961) Harrison Bergeron
0%
John Wayne 1953 Louis L'Amour The Gift of Cochise Hondo
0%
Elle Fanning 2017 Neil Gaiman Fragile Things (2006) How to Talk to Girls at Parties
0%
Gary Sinise 2001 Philip K. Dick Astounding SF (1953) Impostor
0%
LeeLee Sobieski 2006 Henry James The Turn of the Screw In a Dark Place
0%
Avery Whitted 2019 Stephen King and Joe Hill Esquire (2012) In the Tall Grass
0%
Hwang Do-Yun 2020 Seiko Tanabe Josee, the Tiger and the Fish Josee
0%
Molly Parker 1996 Barbara Gowdy We So Seldom Look on Love Kissed
0%
Kevin Sorbo 1997 Robert E. Howard By This Axe I Rule! Kull the Conqueror
0%
Barbara Luddy 1955 Ward Greene Happy Dan, The Whistling Dog Lady and the Tramp
0%
Gerard Lanvin 1983 Robert Sheckley The Prize of Peril Le Prix du Danger
0%
Scott Bakula 1995 Clive Barker The Last Illusion Lord of Illusions
0%
Simon Gipps-Kent 1973 M.R. James Ghost Stories of Antiquary (1904) Lost Hearts
0%
Ying Huang 1995 John Luther Long Century Illustrated (1898) Madame Butterfly
0%
John Bromfield 1956 Edgar Allan Poe The Gold Bug Manfish
0%
Frances O'Connor 2014 Stephen King Gramma Mercy
0%
Kris Kristofferson 1989 John Varley Air Raid Milennium
0%
Rita Hayworth 1953 W. Somerset Maugham Miss Thompson Miss Sadie Thompson
0%
Guy Rolfe 1961 Ray Russell Sardonicus Mr. Sardonicus
0%
Betty Gilpin 2020 Richard Cornell The Most Dangerous Game Naked Fear
0%
Christopher Walken 1998 William Gibson Omni (1984) New Rose Hotel
0%
Nicolas Cage 2007 Philip K. Dick The Golden Man Next
0%
Michele Morgan 1954 Cornell Woolrich Silent as the Grave Obsession
0%
Donnie Yen 2008 Pu Songling The Painted Skin Painted Skin
0%
Ben Affleck 2003 Philip K. Dick Imagination (1952) Paycheck
0%
Michelle Pfeiffer 2009 Rick Moody Mansion on the Hill Pesonal Effects
0%
Bette Davis 1961 Damon Runyon Madame La Gimp Pocketful of Miracles
0%
Sean Harris 2018 Matthew Holness The New Uncanny: Tales of Unease (2008) Possum
0%
Ethan Hawke 2014 Robert Heinlein Are You Zombies? Predestination
0%
John Abbott 1984 Ray Bradbury The Creature that Time Forgot Quest
0%
Joan Collins 1971 John Wyndham Random Quest Quest for Love
0%
David Dukes 1986 Clive Barker Books of Blood (1984) Rawhead Rex
0%
Charles Bronson 1954 Kenneth Taylor Perkins Riding Solo Riding Shotgun
0%
Peter Weller 1995 Philip K. Dick Second Variety Screamers
0%
John Gielgund 1936 W. Somerset Maugham Ashenden: Or the British Agent (1927) Secret Agent
0%
Jane Powell 1954 Steven Vincent Benet The Sobbin' Women Seven Brides for Seven Brothers
0%
Michael Rooker 1998 Bram Stoker Under the Sunset (1881) Shadow Builder
0%
Martin Sheen 1998 William Styron Esquire (1978) Shadrach
0%
Mari Blanchard 1957 Stanley G. Weinbaum The Adaptive Ultimate She-Devil
0%
John Wayne 1949 James Warner Bellah The Big Hunt She Wore a Yellow Ribbon
0%
Dan Aykroyd 2003 Steven Vincent Benet The Devil and Daniel Webster Shortcut to Happiness
0%
Tim Matheson 1971 Stephen King Cavalier (1974) Sometimes They Come Back
0%
Gene Wilder 1970 Alexandre Dumas The Corsican Brothers Start the Revolution Without Me
0%
Melvyn Douglas 1980 Tillie Olsen Tell Me a Riddle (1961) Tell Me a Riddle
0%
Keith Carradine 2014 Edgar Allan Poe The Cask of Amontillado Terroir
0%
Fred MacMurray 1961 Samuel W. Taylor A Situation of Gravity The Absent-Minded Professor
0%
Lee Van Cleef 1953 Ray Bradbury The Fog Horn The Beast from 20,000 Fathoms
0%
Peter Cushing 1974 James Blish There Shall Be No Darkness The Beast Must Die
0%
Robert Mitchum 1949 Richard Wormser The Road to Carmichael's The Big Steal
0%
Henry Fonda 1942 Damon Runyon Little Pinks The Big Street
0%
Boris Karloff 1934 Edgar Allan Poe The Saturday Evening Post (1843) The Black Cat
0%
Bela Lugosi 1945 Robert Louis Stevenson The Pall Mall Gazette (1884) The Body Snatcher
0%
Jon Lovitz 1987 Thomas M. Disch The Magazine of Fantasy & Science Fiction (1980) The Brave Little Toaster
0%
Matt Foyer 2005 H.P. Lovecraft Weird Tales (1928) The Call of Cthulhu
0%
Denise Crosby 2018 Stephen King The New Adventures of Sherlock Holmes (1987) The Doctor's Case
0%
Jeff Siggins 1965 Mark Twain A Double Barrelled Detective Story The Double Barreled Detective Story
0%
Kevin Kline 2002 Ethan Canin The Palace Thief The Emperor's Club
0%
Dmitri Franko 1968 Nikolai Gogol St. John's Eve The Eve of Ivan Kupala FOREIGN
0%
Marie Osmond 1978 O. Henry The Gift of the Magi The Gift of Love
0%
Liam Neeson 2011 Ian MacKenzie Jeffers Ghost Walker The Grey
0%
Cybill Shepard 1972 Bruce Jay Friedman A Change of Plan The Heartbreak Kid
0%
Henry Proach 1982 Anatole France French Newspaper (1890) The Juggler of Notre Dame
0%
Iya Savvina 1960 Anton Checkov Russian Thought (1899) The Lady with the Dog
0%
Bronson Pinchot 1995 Stephen King Four Past Midnight (1990) The Langoliers
0%
Liev Schreiber 2013 Sydney J. Bounds The Animators The Last Days on Mars
0%
Joely Richardson 2007 Lewis Padgett Mimsy Wore the Borogoves The Last Mimzy
0%
Elizabeth Taylor 1954 F. Scott Fitzgerald Babylon Revisited The Last Time I Saw Paris
0%
Paul Newman 1958 William Faulkner Barn Burning The Long, Hot Summer
0%
Gregory Peck 1947 Ernest Hemingway The Short Happy Life of Francis Macomber The Macomber Affair
0%
Claudio Brook 1973 Edgar Allan Poe The System of Doctor Tarr and Professor Fether The Mansion of Madness
0%
Tyrone Power 1940 Johnston McCulley The Curse of Capistrano The Mark of Zorro
0%
Vincent Price 1964 Edgar Allan Poe Graham's Magazine (1842) The Mask of the Red Death
0%
C.J. Thomason 2013 W.W. Jacobs The Lady of the Barge (1902) The Monkey's Paw
0%
Charlton Heston 1954 Carl Stephenson Leningen Versus the Ants The Naked Jungle
0%
Kevin Costner 2009 John Connolly Nocturnes (2004) The New Daughter
0%
Miguel Ferrer 1997 Stephen King Prime Evil: New Stories by the Masters of Modern Horror (1988) The Night Flier
0%
Vincent Price 1969 Edgar Allan Poe The Opal (1844) The Oblong Box
0%
Viola Dana 1921 F. Scott Fitzgerald Flappers and Philosophers (1920) The Offshore Pirate
0%
Anne Baxter 1952 Bret Harte Overland Monthly (1869) The Outcasts of Poker Flat
0%
Alan Napier 1962 Edgar Allan Poe Premature Burial The Premature Burial
0%
Melanie Thierry 2010 Madame de la Fayette T. Jolly (1662) The Princess of Montpensier
0%
Anton Walbrook 1949 Alexander Pushkin Biblioteka diya chteniya (1834) The Queen of Spades
0%
John Wayne 1952 Maurice Walsh Saturday Evening Post (1933) The Quiet Man
0%
Chris Sarandon 1991 H.P. Lovecraft The Case of Charles Dexter Ward The Resurrected
0%
Olivia de Havilland 1972 Ray Bradbury Suspense Magazine (1952) The Screaming Woman
0%
Richard Edson 1999 Fyodor Dostoyevsky A Gentle Creature The Shade
0%
Richard Chamberlain 1960 Dorothy Cottrell The Secret of the Purple Reef The Silent Reefs
0%
Peter Cushing 1965 Robert Bloch The Skull of the Marquis de Sade The Skull
0%
Gregory Peck 1952 Ernest Hemingway Esquire (1936) The Snows of Kilimanjaro
0%
Robert Duvall 1984 Gina Berriault Mademoiselle (1957) The Stone Boy
0%
Rob Dalton 2014 H.P. Lovecraft Weird Tales (1937) The Thing on the Doorstep
0%
Vincent Price 1964 Edgar Allan Poe Ligeia The Tomb of Ligeia
0%
Julie Adams 1952 Robert Louis Stevenson The Treasure of Franchard The Treasure of Lost Canyon
0%
Alberto Moro 1969 Frederik Pohl Galaxy (1955) The Tunnel Under the World
0%
John Abbot 1945 John William Polidori The Vampyre The Vampire's Ghost
0%
Zack Gold 2011 H.P. Lovecraft Weird Tales (1931) The Whisperer in Darkness
0%
Joe Mantegna 1998 Ray Bradbury The Magic White Suit The Wonderful Ice Cream Suit
0%
Alan Alda 1972 Algis Budrys The Master of the Hounds To Kill a Clown
0%
Joan Crawford 1953 I.A.R. Wylie Why Should I Cry? Torch Song
0%
Jack Wagner 1994 Arthur C. Clarke Breaking Strain Trapped in Space
0%
John Garfield 1950 Ernest Hemingway My Old Man Under My Skin
0%
Sean Penn 2000 Somerset Maugham Heinemann (1941) Up at the Villa
0%
Bryan Cranston 2016 E.L. Doctorow The New Yorker (2008) Wakefield
0%
Fay Wray 1934 Dashiel Hammett Liberty (1933) Woman in the Dark
0%
No matching quizzes found
Score Distribution
Percent of People with Each Score
Percentile by Number Answered
Your Score History
You have not taken this quiz